Improving water management recent OECD experience
Salvato in:
| Natura: | Libro |
|---|---|
| Lingua: | inglese |
| Pubblicazione: |
Paris
OECD
2003
|
| Soggetti: | |
| Tags: |
Nessun Tag, puoi essere il primo ad aggiungerne!!
|
MARC
| LEADER | 00000nam a2200000 4500 | ||
|---|---|---|---|
| 001 | c143165 | ||
| 005 | 20221124084741.8 | ||
| 020 | |a 92-64-09948-4 | ||
| 041 | 0 | |a eng | |
| 044 | |a FR | ||
| 245 | 1 | 0 | |a Improving water management |b recent OECD experience |
| 264 | 1 | |a Paris |b OECD |c 2003 | |
| 300 | |a 128 s. | ||
| 610 | 2 | 0 | |a voda |
| 610 | 2 | 0 | |a riadenie |
| 610 | 2 | 0 | |a manažment |
| 610 | 2 | 0 | |a ceny |
| 610 | 2 | 0 | |a financovanie |
| 610 | 2 | 0 | |a znečistenie vôd |
| 610 | 2 | 0 | |a biotechnológia |
| 610 | 2 | 0 | |a kvalita vody |
| 610 | 2 | 0 | |a trh |
| 610 | 2 | 0 | |a výskum |
| 610 | 2 | 0 | |a svet |
| 610 | 2 | 0 | |a OECD |